00183nam a2200061Ia 4500245002500000100005500025008004100080 0aMoeder, waar is jy?  a STRYDOM, Cecile Pretoria, 1991 Grootdrukuitg 210818s9999 xx 000 0 und d